000 00487nam a2200181Ia 4500
005 20250923144312.0
008 008 250917s9999 xx 000 0 eng d
037 _aTextual
040 _aDSWL
_beng
_cDSWL
041 _aeng
_2eng
084 _aR4OSN25, H8
_qDSWL
100 _aFlugel, J.C.
_9823437
245 0 _aMan, moral and society
_cby J.C. Flugel
260 _c1948
300 _a328 p.
942 _cTEXL
_hR4OSN25, H8
999 _c1437205
_d1437205